000 00655nam a2200181Ia 4500
008 090123s9999 xx 000 0 und d
082 _b3633
100 _aबोरकर लक्ष्मीकांत
245 _aस्मगलरच्या दुनियेत
250 _a1
260 _b"प्रिया,स्टेटस"
_c1974
300 _a124
600 _aबोरकर लक्ष्मीकांत
630 _aस्मगलरच्या दुनियेत
700 _aबोरकर लक्ष्मीकांत
730 _aस्मगलरच्या दुनियेत
942 _cBOOK
999 _c41712
_d41712